Estonie - Trouvez les différents comtés d'Estonie - Statistiques

Statistiques générales
  • Ce quiz a été pris 381 fois
  • Le résultat moyen est 8 sur 15
Réponses sur la Carte
Les réponses sont colorées sur une échelle allant du rouge au vert en fonction du pourcentage des utilisateurs qui les ont devinées à leur premier essai. Vous pouvez retrouver ces pourcentages ci-dessous.
 
Statistiques - réponses
Comtés % Correct
Tartu
82%
Pärnu
71%
Harju
60%
Hiiumaa
56%
Saaremaa
56%
Viru-Est
56%
Viru-Ouest
55%
Võru
55%
Lääne
52%
Viljandi
48%
Valga
44%
Järva
42%
Jõgeva
42%
Põlva
40%
Rapla
40%
Aucun quiz correspondant
Distribution des résultats
% des personnes avec chaque résultat
Percentile par nombre de réponses
Votre historique - résultats
Vous n’avez pas pris ce quiz